What your financial agent will tell you : (Record no. 170650)

MARC details
000 -LEADER
fixed length control field 00577nam a2200181 4500
005 - DATE AND TIME OF LATEST TRANSACTION
control field 20191218174823.0
010 ## - LCCN (DPL NO)
LC control number ENG-127205
020 ## - INTERNATIONAL STANDARD BOOK NUMBER
International Standard Book Number 9878190647939
Terms of availability 499.00
035 ## - SYSTEM CONTROL NUMBER
System control number EN-110737
037 ## - SOURCE OF ACQUISITION
Source of stock number/acquisition DBAD/PUB
082 ## - DEWEY DECIMAL CLASSIFICATION NUMBER
Classification number 332
100 ## - MAIN ENTRY--PERSONAL NAME
Personal name Venkatraghvan, Deepa
245 ## - TITLE STATEMENT
Title What your financial agent will tell you :
Remainder of title and why you shouldn't listen /
Statement of responsibility, etc by Deepa Venkatraghan
260 ## - PUBLICATION, DISTRIBUTION, ETC. (IMPRINT)
Place of publication, distribution, etc New Delhi
Name of publisher, distributor, etc TV 18 Broadcast
270 ## - ADDRESS
Address 507, Prabhat Kiran, 17, Rajendra Place
City New Delhi
Postal code 110008
300 ## - PHYSICAL DESCRIPTION
Extent 216p.
Dimensions 22cm(Hb)
942 ## - ADDED ENTRY ELEMENTS (KOHA)
Source of classification or shelving scheme Dewey Decimal Classification
Item type English Books
Classification part 332
Call number suffix VEN
Holdings
Withdrawn status Lost status Not for loan Collection code Home library Current library Date acquired Source of acquisition Cost, normal purchase price Full call number Barcode Copy number Cost, replacement price Koha item type
      Non-fiction Patel Nagar Patel Nagar 18/12/2019 DBAD/PUB 499.00 332 VEN EN-110737 1 499.00 English Books

© Delhi Public Library
Hit Counter
free hit counter